Empire Now by Hozier - Lyric Quiz - Statistics

General Stats
  • This quiz has been taken 17 times
  • The average score is 191 of 215
Answer Stats
Answer % Correct
a
100%
comin'
100%
empire
100%
from
100%
hundred
100%
I
100%
now
100%
on
100%
One
100%
Sun
100%
the
100%
The
100%
up
100%
years
100%
come
92%
dream
92%
easy
92%
it
92%
it's
92%
that
92%
world
92%
would
92%
all
85%
darlin'
85%
for
85%
For
85%
hold
85%
'round
85%
that's
85%
turnin'
85%
wouldn't
85%
After
77%
so
77%
worth
77%
burnin'
69%
things
69%
way
69%
are
62%
falls
62%
If
62%
to
62%
bright
54%
earth
54%
future's
54%
made
54%
of
54%
own
54%
power
54%
problem
54%
revolution
54%
solution
54%
They
54%
caused
46%
gold
46%
our
46%
sell
46%
shake
46%
spinning
46%
brought
38%
or
38%
we've
38%
martyrs
31%
sterling
31%
Their
31%
No matching quizzes found
Score Distribution
Percent of People with Each Score
Percentile by Number Answered
Your Score History
You have not taken this quiz